000
00204nam a2200097Ia 4500
008
240331s9999 xx 000 0 und d
082
_b
DHA
100
_a
Dharmabandu,T.S
245
0
_a
Pirulu mini
942
_c
L
999
_c
5207
_d
5207